Statistiques concernant Seconde B - My Hero Academia

Cliquez ici pour prendre le quiz!

Statistiques générales

  • Ce quiz a été pris 43 fois
  • Le résultat moyen est 12 sur 20

Statistiques - réponses

PersonnageAlterNom de code% Correct
Tetsutetsu TetsutetsuAcierReal Steel
88%
Ibara ShiozakiRoncesVine
85%
Itsuka KendoGiant FistBattle Fist
81%
Neito MonomaCopiePhantom Thief
81%
Jurota ShishidaBeastGévaudan
73%
Manga FukidashiComicsComic Man
69%
Shihai KuroiroBlackVantablack
69%
Kojiro BondoSuper GlueMaquette
65%
Setsuna TokageDvisionLizardy
62%
Juzo HonenukiRamollissmentMudman
62%
Kinoko KomoriChampignonMagirolle
58%
Reiko YanagiPoltergeistEmily
54%
Togaru KamakiriRasoirJack Mantis
50%
Yui KodaiMinimaxRule
50%
Hiryu RinEcaillesDragon Armor
42%
Nirengeki ShodaDouble ImpactMines
42%
Yosetsu AwaseFusionWelder
42%
Sen KaibaraTourbillonSpiral
38%
Pony TsunotoriCornes Canoninconnu
19%
Kosei TsuburabaSolidification de l'Airinconnu
19%

Distribution des résultats

Percentile par nombre de réponses

% des personnes avec chaque résultat

Votre développement - résultats

Vous n’avez pas pris ce quiz